স্বপ্নের সৌরভ / (Record no. 254221)
[ view plain ]
| 000 -LEADER | |
|---|---|
| fixed length control field | 00806nam a22002297a 4500 |
| 003 - CONTROL NUMBER IDENTIFIER | |
| control field | BD-DhUL |
| 005 - DATE AND TIME OF LATEST TRANSACTION | |
| control field | 20210811105536.0 |
| 008 - FIXED-LENGTH DATA ELEMENTS--GENERAL INFORMATION | |
| fixed length control field | 210811b2013 bg ||||| |||| 00| 0 ben d |
| 020 ## - INTERNATIONAL STANDARD BOOK NUMBER | |
| International Standard Book Number | 9847015700270 |
| 040 ## - CATALOGING SOURCE | |
| Original cataloging agency | BD-DhUL |
| Transcribing agency | BD-DhUL |
| 082 ## - DEWEY DECIMAL CLASSIFICATION NUMBER | |
| Classification number | 891.4393 |
| Item number | CHS |
| 100 1# - MAIN ENTRY--PERSONAL NAME | |
| Personal name | চন্দর, কৃষণ। |
| 245 1# - TITLE STATEMENT | |
| Title | স্বপ্নের সৌরভ / |
| Statement of responsibility, etc. | কৃষণ চন্দর। |
| 260 ## - PUBLICATION, DISTRIBUTION, ETC. (IMPRINT) | |
| Place of publication, distribution, etc. | ঢাকা : |
| Name of publisher, distributor, etc. | উত্তরণ, |
| Date of publication, distribution, etc. | ২০১৩। |
| 300 ## - PHYSICAL DESCRIPTION | |
| Extent | [৬৪] পৃ. ; |
| Dimensions | ২২ সেমি.। |
| 650 #4 - SUBJECT ADDED ENTRY--TOPICAL TERM | |
| Topical term or geographic name as entry element | উর্দু উপন্যাস। |
| 650 #4 - SUBJECT ADDED ENTRY--TOPICAL TERM | |
| Topical term or geographic name as entry element | Urdu fiction. |
| 650 #4 - SUBJECT ADDED ENTRY--TOPICAL TERM | |
| Topical term or geographic name as entry element | উর্দু সাহিত্য। |
| 650 #4 - SUBJECT ADDED ENTRY--TOPICAL TERM | |
| Topical term or geographic name as entry element | Urdu literature. |
| 700 1# - ADDED ENTRY--PERSONAL NAME | |
| Personal name | চৌধুরী, শাহজাহান। |
| Relator term | অনুবাদ |
| 942 ## - ADDED ENTRY ELEMENTS (KOHA) | |
| Source of classification or shelving scheme | |
| Koha item type | Books |
| Price effective from | Date last seen | Permanent Location | Not for loan | Date acquired | Source of classification or shelving scheme | Koha item type | Lost status | Withdrawn status | Copy number | Source of acquisition | Collection code | Damaged status | Shelving location | Barcode | Current Location | Full call number |
|---|---|---|---|---|---|---|---|---|---|---|---|---|---|---|---|---|
| 2021-08-11 | 2021-08-11 | Dhaka University Library | 2020-02-19 | Books | 1 | Purchased | Fiction | General Stacks | 519781 | Dhaka University Library | 891.4393 CHS | |||||
| 2021-08-11 | 2021-08-11 | Dhaka University Library | 2020-02-19 | Books | 2 | Purchased | Fiction | General Stacks | 519782 | Dhaka University Library | 891.4393 CHS | |||||
| 2021-08-11 | 2021-08-11 | Dhaka University Library | 2020-02-19 | Books | 3 | Purchased | Fiction | General Stacks | 519783 | Dhaka University Library | 891.4393 CHS | |||||
| 2022-02-16 | 2022-02-16 | Dhaka University Library | 2022-02-16 | Books | 4 | Purchased | Fiction | General Stacks | 520186 | Dhaka University Library | 891.4393 CHS | |||||
| 2022-02-16 | 2022-02-16 | Dhaka University Library | 2022-02-16 | Books | 5 | Purchased | Fiction | General Stacks | 520187 | Dhaka University Library | 891.4393 CHS |
